000 00844nab a2200253 u 4500
001 17521
003 HDC
007 cr bn ---aaaaa
008 210224c20121109xx dr|noo 0 a eng d
040 _aHDC
100 _aAlicia Izharuddin
_eauthor
_916868
245 0 _aOpinion: Malaysia's commodified Islam / by
_cAlicia Izharuddin
260 _a[No place] :
_b[publisher not identified],
_c2012
336 _atext
_2rdacontent
337 _acomputer
_2rdamedia
338 _aonline resource
_2rdacarrier
650 _ahalal industry
_9144
650 _aWorld Halal Week
_99840
710 _aHalal Focus
856 _zRequest full-text at [email protected]
942 _2lcc
942 _cNEWS
942 _kNWSO 005940
999 _c14837
_d14837